Du role de l'état dans l'ordre économique / (Record no. 167636)

MARC details
000 -LEADER
campo de control de longitud fija 00736nam a2200193 i 4500
001 - NÚMERO DE CONTROL
campo de control 167636
003 - IDENTIFICADOR DE NÚMERO DE CONTROL
campo de control ES-MaACL
005 - FECHA Y HORA DE LA ÚLTIMA TRANSACCIÓN
campo de control 20250830095401.0
008 - DATOS DE LONGITUD FIJA--INFORMACIÓN GENERAL
campo de control de longitud fija 000218s1882 fr |||| | fre d
040 ## - FUENTE DE CATALOGACIÓN
Centro catalogador/agencia de origen CCPB | B
Lengua de catalogación spa
Centro/agencia transcriptor CCPB | B
100 1# - ENTRADA PRINCIPAL--NOMBRE DE PERSONA
Nombre de persona Villey, Edmond.
9 (RLIN) 133771
245 10 - MENCIÓN DEL TÍTULO
Título Du role de l'état dans l'ordre économique /
Mención de responsabilidad, etc. par Edmond Villey.
260 ## - PUBLICACIÓN, DISTRIBUCIÓN, ETC.
Lugar de publicación, distribución, etc. Paris :
Nombre del editor, distribuidor, etc. Guillaumin & Cie. :
-- G. Pedone-Lauriel,
Fecha de publicación, distribución, etc. 1882 (
Lugar de fabricación/manufactura Caen :
Fabricante typographie et lithographie de E. Valin)
300 ## - DESCRIPCIÓN FÍSICA
Extensión [4], XVI, XII, 482 p. ;
Dimensiones 22 cm.
500 ## - NOTA GENERAL
Nota general Ouvrage couronne par l'Institut (Prix du comte Rossi - Concours de 1881)
650 #7 - PUNTO DE ACCESO ADICIONAL DE MATERIA--TÉRMINO DE MATERIA
Término de materia o nombre geográfico como elemento de entrada Estado
Fuente del encabezamiento o término embne
9 (RLIN) 12523
852 ## - LOCALIZACIÓN
Ubicación ES-MaACL
Número de control de estantería G-13596
Nota libre -- Enc. hol.
Holdings
Estatus retirado Estado de pérdida Estado de daño No para préstamo Colección Biblioteca de origen Biblioteca actual Ubicación en estantería Fecha de adquisición Fuente de adquisición Total de préstamos Signatura topográfica completa Código de barras Visto por última vez Precio de reemplazo Tipo de ítem Koha
        Libros del s. XIX Biblioteca del Ateneo de Madrid Biblioteca del Ateneo de Madrid Sala Pecera Planta 3 17/01/2008     G-13596 1175870 23/02/2023 23/02/2023 Libro impreso antiguo